000 00605nam a2200217Ia 4500
005 20241129105802.0
008 241129s9999||||xx |||||||||||||| ||und||
020 _a978-93-90412-00-6
037 _aTB
040 _aARTS
_beng
_cARTS
041 _aeng
_2eng
084 _aY72.2 R2
_qARTS
100 _aNamita Pandit Au.
_9724733
245 0 _aSocial structure and ethnicity in Indian tribes
_cNamita Pandit Au.
260 _aDelhi, India
_bVenus Publications
_c2022
300 _a264p.
365 _aINR
_b1700
650 _aSociology
942 _cTB
_hY72.2 R2
999 _c1225928
_d1225928